000 00596nam a2200229Ia 4500
003 OSt
005 20221005122601.0
006 a|||||r|||| 00| 0
007 ta
008 221004b |||||||| |||| 00| 0 kan d
024 _a61528
037 _cTextual
040 _aCRL
_cCRL
_bkan
041 _2kan
_akan
082 _aV241:1xFOO, 33N2
100 _aBhat Neerpaje Bheema Au.
_9632215
245 0 _aKalhana's rajastarangini
260 _c1992
650 _aHISTORY
942 _hV241:1xFOO, 33N2
_cTEXL
_2cc
999 _c1044719
_d1044719